Personnages de jeux vidéos ! - Statistiques

Statistiques générales
  • Ce quiz a été pris 398 fois
  • Le résultat moyen est 6 sur 7
Statistiques - réponses
Hint Réponse % Correct
Le fameux plombier Mario
99%
Son frère Luigi
98%
hérisson bleu Sonic
97%
il est jaune et mange des fantômes Pac-man
94%
La petite boule rose qui avale tout Kirby
88%
un blond avec une tenue verte Link
87%
il a un code-barre dans sa nuque Agent 47
36%
Aucun quiz correspondant
Distribution des résultats
% des personnes avec chaque résultat
Percentile par nombre de réponses
Votre historique - résultats
Vous n’avez pas pris ce quiz